<?xml version="1.0" encoding="UTF-8"?>
<record
    xmlns:xsi="http://www.w3.org/2001/XMLSchema-instance"
    xsi:schemaLocation="http://www.loc.gov/MARC21/slim http://www.loc.gov/standards/marcxml/schema/MARC21slim.xsd"
    xmlns="http://www.loc.gov/MARC21/slim">

  <leader>00515nam a2200181Ia 4500</leader>
  <controlfield tag="005">20250612143450.0</controlfield>
  <controlfield tag="008">008  250505s9999    xx            000 0 eng d</controlfield>
  <datafield tag="020" ind1=" " ind2=" ">
    <subfield code="a">9789391211042</subfield>
  </datafield>
  <datafield tag="040" ind1=" " ind2=" ">
    <subfield code="b">eng</subfield>
    <subfield code="c">ILCL</subfield>
  </datafield>
  <datafield tag="041" ind1=" " ind2=" ">
    <subfield code="a">eng</subfield>
    <subfield code="2">eng</subfield>
  </datafield>
  <datafield tag="084" ind1=" " ind2=" ">
    <subfield code="a">Z64  R3</subfield>
  </datafield>
  <datafield tag="100" ind1=" " ind2=" ">
    <subfield code="a">Sinha, Manoj Kumar (Ed.)</subfield>
    <subfield code="9">747401</subfield>
  </datafield>
  <datafield tag="245" ind1=" " ind2="0">
    <subfield code="a">Legal Research and Writing - new perspectives</subfield>
  </datafield>
  <datafield tag="260" ind1=" " ind2=" ">
    <subfield code="a">Delhi</subfield>
    <subfield code="b">Lexis Nexis</subfield>
    <subfield code="c">2023</subfield>
  </datafield>
  <datafield tag="300" ind1=" " ind2=" ">
    <subfield code="a">xxxiv,460p.</subfield>
  </datafield>
  <datafield tag="700" ind1=" " ind2=" ">
    <subfield code="a">Kharb, Deepa (Ed.)</subfield>
    <subfield code="9">747402</subfield>
  </datafield>
  <datafield tag="942" ind1=" " ind2=" ">
    <subfield code="c">TB</subfield>
    <subfield code="2">Colon Classification</subfield>
  </datafield>
  <datafield tag="999" ind1=" " ind2=" ">
    <subfield code="c">1311916</subfield>
    <subfield code="d">1311916</subfield>
  </datafield>
  <datafield tag="952" ind1=" " ind2=" ">
    <subfield code="0">0</subfield>
    <subfield code="1">0</subfield>
    <subfield code="4">0</subfield>
    <subfield code="6">Z64_R3</subfield>
    <subfield code="7">0</subfield>
    <subfield code="9">1245631</subfield>
    <subfield code="a">ILCL</subfield>
    <subfield code="b">ILCL</subfield>
    <subfield code="d">0007-03-24</subfield>
    <subfield code="e">Apple Books</subfield>
    <subfield code="g">750.00</subfield>
    <subfield code="i">010 dt. 03-07-2024</subfield>
    <subfield code="l">0</subfield>
    <subfield code="o">Z64  R3</subfield>
    <subfield code="p">IL1863076</subfield>
    <subfield code="r">2025-05-06 17:27:59</subfield>
    <subfield code="w">2025-05-06</subfield>
    <subfield code="y">TB</subfield>
  </datafield>
  <datafield tag="952" ind1=" " ind2=" ">
    <subfield code="0">0</subfield>
    <subfield code="1">0</subfield>
    <subfield code="4">0</subfield>
    <subfield code="6">Z64_R3</subfield>
    <subfield code="7">0</subfield>
    <subfield code="9">1245632</subfield>
    <subfield code="a">ILCL</subfield>
    <subfield code="b">ILCL</subfield>
    <subfield code="d">0007-03-24</subfield>
    <subfield code="e">Apple Books</subfield>
    <subfield code="g">750.00</subfield>
    <subfield code="i">010 dt. 03-07-2024</subfield>
    <subfield code="l">0</subfield>
    <subfield code="o">Z64  R3</subfield>
    <subfield code="p">IL1863077</subfield>
    <subfield code="r">2025-05-06 17:27:59</subfield>
    <subfield code="w">2025-05-06</subfield>
    <subfield code="y">TB</subfield>
  </datafield>
  <datafield tag="952" ind1=" " ind2=" ">
    <subfield code="0">0</subfield>
    <subfield code="1">0</subfield>
    <subfield code="4">0</subfield>
    <subfield code="6">Z64_R3</subfield>
    <subfield code="7">0</subfield>
    <subfield code="9">1245637</subfield>
    <subfield code="a">ILCL</subfield>
    <subfield code="b">ILCL</subfield>
    <subfield code="d">0007-03-24</subfield>
    <subfield code="e">Apple Books</subfield>
    <subfield code="g">750.00</subfield>
    <subfield code="i">011 dt. 03-07-2024</subfield>
    <subfield code="l">0</subfield>
    <subfield code="o">Z64  R3</subfield>
    <subfield code="p">IL1863082</subfield>
    <subfield code="r">2025-05-06 17:28:00</subfield>
    <subfield code="w">2025-05-06</subfield>
    <subfield code="y">TB</subfield>
  </datafield>
  <datafield tag="952" ind1=" " ind2=" ">
    <subfield code="0">0</subfield>
    <subfield code="1">0</subfield>
    <subfield code="4">0</subfield>
    <subfield code="6">Z64_R3</subfield>
    <subfield code="7">0</subfield>
    <subfield code="9">1245638</subfield>
    <subfield code="a">ILCL</subfield>
    <subfield code="b">ILCL</subfield>
    <subfield code="d">0007-03-24</subfield>
    <subfield code="e">Apple Books</subfield>
    <subfield code="g">750.00</subfield>
    <subfield code="i">011 dt. 03-07-2024</subfield>
    <subfield code="l">0</subfield>
    <subfield code="o">Z64  R3</subfield>
    <subfield code="p">IL1863083</subfield>
    <subfield code="r">2025-05-06 17:28:00</subfield>
    <subfield code="w">2025-05-06</subfield>
    <subfield code="y">TB</subfield>
  </datafield>
</record>
